Interlinkages between biological diversity and climate change (Registro nro. 4271)
[ vista simple ]
| 000 -CABECERA | |
|---|---|
| Campo de control | 01556cam a2200289 a 4500 |
| 005 - FECHA Y HORA DE LA ULTIMA TRANSACCION | |
| Campo de control | 20160206123333.0 |
| 008 - ELEMENTOS DE LONGITUD FIJA—INFORMACION GENERAL | |
| Campo de control | 140314t2003 -cnad gr|||| 00| 0 eng d |
| 020 ## - ISBN | |
| ISBN | 9280723898 |
| 040 ## - FUENTE DE CATALOGACIÓN | |
| Agencia catalogadora original | CO-BoIAVH |
| Agencia transcriptora | CO-BoIAVH |
| 041 ## - IDIOMA | |
| Código de idioma para texto/pista de sonido o título separado | Inglés |
| 044 ## - PAÍS DE PUBLICACIÓN | |
| País de publicación | Canadá |
| 082 ## - NUMERO DE CLASIFICACION DECIMAL DEWEY | |
| Número de clasificación | 570.72 |
| Número del ítem | U56i |
| 110 2# - ASIENTO PRINCIPAL--NOMBRE CORPORATIVO | |
| Unidad subordinad | United Nations Environment Programme |
| 9 (RLIN) | 8871 |
| 242 10 - TRADUCCION DEL TITULO POR LA AGENCIA CATALOGADORA | |
| Título | Interrelaciones entre la diversidad biológica y el cambio climatico |
| Parte restante del título | recomendaciones para la integración de las consideraciones de la biodiversidad en la implementación en el Marco de Convención de las Naciones Unidas sobre el Cambio Climático y su Protocolo Kyoto |
| Mención de responsabilidad | United Nations Environment Programme, Convention on Biological Diversity |
| Código de idioma del título traducido | spa |
| 245 10 - MENCION DE TITULO | |
| Título | Interlinkages between biological diversity and climate change |
| Parte restante del título | advice on the integration of biodiversity considerations into the implementation of the United Nations Framework Convention on Climate Change and its Kyoto Protocol |
| Mención de responsabilidad | United Nations Environment Programme, Convention on Biological Diversity |
| 260 3# - PUBLICACION, DISTRIBUCION, ETC. (PIE DE IMPRENTA) | |
| Lugar de publicación, distribución, etc. | Quebec |
| Nombre del editor, distribuidor, etc. | Secretariat of the Convention on Biological Diversity |
| Fecha de publicación, distribución, etc. | 2003 |
| 300 ## - DESCRIPCION FISICA | |
| Extensión | 143 p. |
| Otros detalles físicos | il., tablas |
| Dimensiones | 28 cm |
| 490 0# - MENCION DE SERIE | |
| Mención de serie | CBD Technical series ; |
| Designación numérica/secuencial del volumen | 10 |
| 590 ## - NOTA LOCAL | |
| Nota local | 242 traducción por la agencia catalogadora |
| 650 #4 - ASIENTO SECUNDARIO DE MATERIA - TERMINO TEMATICO | |
| Término temático o nombre geográfico como elemento de entrada | Biodiversidad |
| Subdivisión general | Estudio |
| 9 (RLIN) | 57572 |
| 650 #4 - ASIENTO SECUNDARIO DE MATERIA - TERMINO TEMATICO | |
| Término temático o nombre geográfico como elemento de entrada | Cambio climatico |
| Subdivisión general | Estudio |
| 9 (RLIN) | 57573 |
| 650 #4 - ASIENTO SECUNDARIO DE MATERIA - TERMINO TEMATICO | |
| Término temático o nombre geográfico como elemento de entrada | Ecosistemas |
| Subdivisión general | Impacto |
| 9 (RLIN) | 57574 |
| 650 #4 - ASIENTO SECUNDARIO DE MATERIA - TERMINO TEMATICO | |
| Término temático o nombre geográfico como elemento de entrada | Ecosistemas |
| Subdivisión general | Conservación |
| 9 (RLIN) | 57575 |
| 650 #4 - ASIENTO SECUNDARIO DE MATERIA - TERMINO TEMATICO | |
| Término temático o nombre geográfico como elemento de entrada | Tierras |
| Subdivisión general | Gestión |
| 9 (RLIN) | 57576 |
| 710 2# - ASIENTO SECUNDARIO - NOMBRE CORPORATIVO | |
| Nombre corporativo o de jurisdicción como elemento de entrada | Convention on Biological Diversity |
| 9 (RLIN) | 13061 |
| 942 ## - ELEMENTOS ADICIONALES (KOHA) | |
| Tipo de ítem | Impreso |
| Sistema de clasificación | Dewey Decimal Classification |
| Withdrawn status | Lost status | Sistema de Clasificación | Damaged status | No para préstamo | Colección | Inventariado | Ubicación Permanente | Ubicación actual | Fecha de adquisición | Fuente de Valor | Valor | Total Checkouts | Número topográfico | Inventario / Código de Barras | Date last seen | Ejemplar | Price effective from | Forma de adquisición | Tipo de material |
|---|---|---|---|---|---|---|---|---|---|---|---|---|---|---|---|---|---|---|---|
| Dewey Decimal Classification | General | Inventariado 2017 | Bogotá | Bogotá | 10/04/2014 | Instituto | 15000.00 | LB-570.72 U56i | 034435 | 10/04/2014 | Ej. 3 | 10/04/2014 | Libro | ||||||
| Dewey Decimal Classification | General | Inventariado 2017 | Sala Fabio Quevedo | Sala Fabio Quevedo | 18/01/2005 | Instituto | 15000.00 | LB-570.72 U56i | 017051 | 04/12/2012 | Ej. 1 | 04/12/2012 | Libro |